000 00682nam a22002177a 4500
999 _c13083
_d13083
003 AR-CdUCM
008 190411b ||||| |||| 00| 0 spa d
040 _aMUNICIPALIDAD PROVINCIAL DEL CUSCO
_cBIBLIOTECA MUNICIPAL DEL CUSCO
082 _aES / 373.869 /
_bB83
100 _aBryce Echenique, Alfredo
_97372
245 _aTodos los Cuentos /
260 _aLima :
_bMosca azul editores,
_c1974.
300 _a305 paginas ;
_bIlustraciones, graficos, dibujos,
_c20 cm.
500 _aCuentos literarios
650 _aCuentos
_9217
650 _aHistoria
_9136
650 _aLiteratura
_983
700 _aLinares, Antonio
_931283
942 _2ddc
_cLIBROS
945 _apjha
_d2019-04-11